000 01001nam a2200289 i 4500
003 EG-GICUC
005 20260429084343.0
008 260429s1875 fr ||||f |||| 000 0 fre d
040 _aEG-GiCUC
_bfre
_cEG-GiCUC
_dEG-GiCUC
_eRda
041 _afre
082 0 4 _221
_a343.766044
_bHA . E
092 0 4 _221
099 _aLaw1 10 343.766044 HA . E 1875 1011560 C1
100 1 _ahaussonville, Le Vicomte D'
_eAuteur
245 1 2 _aÉtablissements Penitentiaires En France Et Aux Colonies /
_cPar Le Vicomte D'haussonville.
264 1 _aParis :
_bMichel Levy Freres, Éditeurs,
_c1875.
300 _a68 page ;
_c 24 cm.
336 _2rda contenu
_a texte
337 _2rda medias
_aOrdinateur
338 _2 transporteur rda
_a Ressource en ligne
546 _aTexte en français
650 1 4 _aPrisons et établissements pénitentiaires et correctionnels
651 1 4 _aFrance
_xPrisons
856 4 0 _uhttps://fll.law.cu.edu.eg/fulltext/bks/B10-11560.pdf
905 _a164
942 _2ddc
_cBK
_e21
_n0
999 _c74031
_d74031